| 000 | 00700nam a2200205 a 4500 | ||
|---|---|---|---|
| 005 | 20140414131934.0 | ||
| 008 | 100520s19uu xx 00 eng d | ||
| 050 |
_aREF 574.5 _bP63 2000 |
||
| 100 | _aParker, Steve | ||
| 245 | _aPond & River. | ||
| 250 | _a1st American ed. | ||
| 440 | _aEyewitness books | ||
| 500 | _aIncludes index. | ||
| 520 | _aA photo essay about the range of plants and animals found in fresh water throughout the year, examining the living conditions and survival mechanisms of creatures dwelling at the edge of the water, on its surface, or under the mud. | ||
| 650 | _aPond | ||
| 650 | _aRiver | ||
| 650 | _aStream ecology. | ||
| 999 |
_c112355 _d112355 |
||